Missing Word: 'D' US History Quiz Stats

Quiz Updated Feb 16, 2016

Challenge
Share
Tweet
Embed
Score 0/30 Timer 03:00
1 Play Today
Hint Answer % Correct
'I Have a ____' speech - 1963Dream
98.4%
____ D. Eisenhower - PresidentDwight
96.8%
Walt ____ - entertainment magnateDisney
96.1%
Great ____ - economic crisis, 1930sDepression
95.4%
____ of Independence - 1776Declaration
94.4%
Operation ____ Storm - 1990-1991Desert
94.2%
Sandra ____ O'Connor - Supreme Court justiceDay
93.6%
Franklin ____ Roosevelt - PresidentDelano
93.4%
____ Boone - frontiersmanDaniel
90.6%
Henry ____ Thoreau - writerDavid
90.3%
New ____ - FDR reformsDeal
90%
____ Ellington - jazz musicianDuke
89.2%
____ Bowl - environmental disaster, 1930sDust
86.6%
Jefferson ____ - Confederate PresidentDavis
85.3%
Manifest ____ - 19th century beliefDestiny
83.1%
Hint Answer % Correct
Monroe ____ - 1823Doctrine
82.3%
____ Scott decision - 1857Dred
77%
Frederick ____ - abolitionistDouglass
76.2%
Burr-Hamilton ____ - 1804Duel
70.1%
Cecil B. ____ - filmmakerDeMille
69.8%
Lincoln-Douglas ____ - 1858Debates
62.8%
____ Fossey - primatologistDian
62%
____ Party - pioneers who resorted to cannibalismDonner
59.1%
Clarence ____ - leading ACLU lawyerDarrow
53.8%
Mutually Assured ____ - military doctrineDestruction
51.6%
Eugene V. ____ - labor leader and socialist politicianDebs
32.7%
____ Horizon oil spill - 2010Deepwater
17.6%
New York City ____ riots - 1863Draft
16.7%
____ Lange - photographerDorothea
15.9%
____ Huerta - labor leaderDolores
9.2%

Today's Daily Dose

Word Ladder
KISS Hit

On This Day
January 22nd

You're not logged in!

Compare scores with friends on all Sporcle quizzes.
Sign Up with Email
OR
Log In

You Might Also Like...

Show Comments

Extras

Top Quizzes Today


Score Distribution

Your Account Isn't Verified!

In order to create a playlist on Sporcle, you need to verify the email address you used during registration. Go to your Sporcle Settings to finish the process.